[Event "Augustow U18 op"]
[Site "Augustow"]
[Date "2011.02.25"]
[Round "8.3"]
[White "Tylenda, Krzysztof"]
[Black "Oleksza, Radoslaw"]
[Result "0-1"]
[WhiteElo "1465"]
[BlackElo "1575"]
[PlyCount "98"]
[EventDate "2011.02.22"]
[EventType "swiss"]
[EventRounds "9"]
[EventCountry "POL"]
[SourceTitle "EXT 2023"]
[Source "ChessBase"]
[SourceDate "2022.10.05"]
[SourceVersion "1"]
[SourceVersionDate "2022.10.05"]
[SourceQuality "1"]

1. e4 d5 2. exd5 Nf6 3. Nf3 Nxd5 4. d4 Bg4 5. h3 Bh5 6. g4 Bg6 7. c4 Nb6 8. Nc3 e6 9. Bf4 c6 10. Ne5 Be7 11. Nxg6 hxg6 12. b3 N8d7 13. Bg2 0-0 14. Qd3 Nf6 15. 0-0-0 a5 16. a4 Rc8 17. g5 Nh5 18. Be3 Bxg5 19. Bxg5 Qxg5+ 20. Qe3 Qxe3+ 21. fxe3 Rfd8 22. c5 Nd5 23. Nxd5 exd5 24. e4 Ng3 25. Rhe1 Nxe4 26. Bxe4 dxe4 27. Rxe4 Re8 28. Rde1 Rxe4 29. Rxe4 Kf8 30. Kd2 Re8 31. Rh4 f5 32. Rf4 Kf7 33. h4 Kf6 34. Kd3 g5 35. hxg5+ Kxg5 36. Rf1 f4 37. Kc4 Kf5 38. b4 axb4 39. Kxb4 Re2 40. Ka5 Rb2 41. Re1 f3 42. Re7 g5 43. Re5+ Kf4 44. Re8 g4 45. Rf8+ Kg3 46. d5 cxd5 47. c6 bxc6 48. Ka6 f2 49. a5 Kg2 0-1

[Event "Augustow U18 op"]
[Site "Augustow"]
[Date "2011.02.24"]
[Round "6.3"]
[White "Tylenda, Krzysztof"]
[Black "Buraczewski, Rafal"]
[Result "1/2-1/2"]
[WhiteElo "1465"]
[BlackElo "1636"]
[PlyCount "95"]
[EventDate "2011.02.22"]
[EventType "swiss"]
[EventRounds "9"]
[EventCountry "POL"]
[SourceTitle "EXT 2023"]
[Source "ChessBase"]
[SourceDate "2022.10.05"]
[SourceVersion "1"]
[SourceVersionDate "2022.10.05"]
[SourceQuality "1"]

1. e4 e6 2. d4 d5 3. Nc3 Nf6 4. Bg5 Be7 5. e5 Nfd7 6. Bxe7 Qxe7 7. f4 0-0 8. Qf3 c5 9. 0-0-0 cxd4 10. Rxd4 Nc6 11. Rd2 a6 12. Bd3 Nc5 13. Qg4 b5 14. Nf3 b4 15. Bxh7+ Kxh7 16. Qh5+ Kg8 17. Ng5 Qxg5 18. fxg5 bxc3 19. bxc3 Nxe5 20. Re2 Ne4 21. Re3 Nf2 22. Rf1 Neg4 23. Rf3 g6 24. Qh4 e5 25. R3xf2 Nxf2 26. Qxf2 Bf5 27. h4 Rac8 28. Qe1 d4 29. Qxe5 Rxc3 30. Rf2 Rfc8 31. Qxd4 Rxc2+ 32. Rxc2 Rxc2+ 33. Kd1 Rxg2 34. Qd8+ Kg7 35. Qf6+ Kg8 36. h5 Bg4+ 37. Kc1 Bxh5 38. Qxa6 Rxg5 39. Qc8+ Kh7 40. a4 Bg4 41. Qd8 Rc5+ 42. Kb2 Be6 43. a5 Rc8 44. Qh4+ Kg7 45. a6 Bd5 46. a7 Ba8 47. Qb4 Rf8 48. Qd6 1/2-1/2

[Event "Augustow U18 op"]
[Site "Augustow"]
[Date "2011.02.23"]
[Round "2.1"]
[White "Tylenda, Krzysztof"]
[Black "Sobolewski, Dawid"]
[Result "1/2-1/2"]
[WhiteElo "1465"]
[BlackElo "1725"]
[PlyCount "128"]
[EventDate "2011.02.22"]
[EventType "swiss"]
[EventRounds "9"]
[EventCountry "POL"]
[SourceTitle "EXT 2023"]
[Source "ChessBase"]
[SourceDate "2022.10.05"]
[SourceVersion "1"]
[SourceVersionDate "2022.10.05"]
[SourceQuality "1"]

1. e4 e5 2. Nc3 Nc6 3. Nf3 Bc5 4. Nxe5 Bxf2+ 5. Kxf2 Nxe5 6. d4 Ng6 7. Bc4 d6 8. Rf1 Nf6 9. Kg1 h6 10. b3 0-0 11. Bb2 Ng4 12. Qe2 Qg5 13. Rf3 Be6 14. Bxe6 fxe6 15. Rg3 h5 16. h3 Qh4 17. Qe1 Qg5 18. hxg4 h4 19. Bc1 Nf4 20. Rf3 Qxg4 21. Bxf4 e5 22. Qf2 g5 23. dxe5 Rxf4 24. Rxf4 gxf4 25. Nd5 Kh8 26. Qxf4 Qxf4 27. Nxf4 dxe5 28. Ng6+ Kg7 29. Nxh4 Rd8 30. Nf5+ Kf6 31. Rf1 Rd2 32. Rf2 Rd1+ 33. Kh2 Ra1 34. c4 Kg5 35. Ne3 Re1 36. Rf5+ Kg6 37. Rxe5 Rxe3 38. Re7 Re2 39. Rxc7 Rxa2 40. Rxb7 Kf6 41. c5 a5 42. c6 Rc2 43. Rh7 Ke5 44. Rc7 Kxe4 45. Rc8 Ke5 46. Kh3 Rc3+ 47. Kh4 Rxb3 48. c7 Rb4+ 49. g4 Kd6 50. Kh5 Kd7 51. Ra8 Rb5+ 52. Kh6 Kxc7 53. g5 Kb7 54. Re8 Rb1 55. g6 Rh1+ 56. Kg7 a4 57. Re7+ Kb6 58. Kf8 a3 59. g7 Rf1+ 60. Ke8 Rg1 61. Kf8 a2 62. Re6+ Kb5 63. Re5+ Kb4 64. Re4+ Kb3 1/2-1/2